The society of mind / (Record no. 77815)

MARC details
000 -LEADER
campo de control de longitud fija 00659nam a2200229 i 4500
001 - NÚMERO DE CONTROL
campo de control 77815
003 - IDENTIFICADOR DE NÚMERO DE CONTROL
campo de control ES-MaACL
005 - FECHA Y HORA DE LA ÚLTIMA TRANSACCIÓN
campo de control 20230906173406.0
007 - CAMPO FIJO DE DESCRIPCIÓN FÍSICA--INFORMACIÓN GENERAL
campo de control de longitud fija t|
008 - DATOS DE LONGITUD FIJA--INFORMACIÓN GENERAL
campo de control de longitud fija 041110s1986 xxu ||||1| eng d
020 ## - NÚMERO INTERNACIONAL ESTÁNDAR DEL LIBRO
Número Internacional Estándar del Libro 0-671-60740-5
080 ## - NÚMERO DE LA CLASIFICACIÓN DECIMAL UNIVERSAL
Número de la Clasificación Decimal Universal 001:1
080 ## - NÚMERO DE LA CLASIFICACIÓN DECIMAL UNIVERSAL
Número de la Clasificación Decimal Universal 159.955
100 1# - ENTRADA PRINCIPAL--NOMBRE DE PERSONA
Nombre de persona Minsky, Marvin Lee.
9 (RLIN) 81376
245 14 - MENCIÓN DEL TÍTULO
Título The society of mind /
Mención de responsabilidad, etc. Marvin Minsky ; illustrations by Juliana Lee.
260 ## - PUBLICACIÓN, DISTRIBUCIÓN, ETC.
Lugar de publicación, distribución, etc. New York :
Nombre del editor, distribuidor, etc. Simon and Schuster,
Fecha de publicación, distribución, etc. [1986]
300 ## - DESCRIPCIÓN FÍSICA
Extensión 339 p. :
Otras características físicas il. ;
Dimensiones 29 cm.
650 ## - PUNTO DE ACCESO ADICIONAL DE MATERIA--TÉRMINO DE MATERIA
Término de materia o nombre geográfico como elemento de entrada Ciencia-
Subdivisión general Filosofía.
9 (RLIN) 10950
650 14 - PUNTO DE ACCESO ADICIONAL DE MATERIA--TÉRMINO DE MATERIA
Término de materia o nombre geográfico como elemento de entrada Pensamiento.
9 (RLIN) 15922
700 1# - ENTRADA AGREGADA--NOMBRE PERSONAL
Nombre de persona Lee, Juliana.
9 (RLIN) 71185
852 ## - LOCALIZACIÓN
Ubicación ES-MaACL
Número de control de estantería L-28406
Sublocalización o colección R.134524
Holdings
Estatus retirado Estado de pérdida Estado de daño No para préstamo Biblioteca de origen Biblioteca actual Ubicación en estantería Fecha de adquisición Fuente de adquisición Total de préstamos Signatura topográfica completa Código de barras Visto por última vez Precio de reemplazo Tipo de ítem Koha
        Biblioteca del Ateneo de Madrid Biblioteca del Ateneo de Madrid Depósito 2 17/01/2008     L-28406 1081410 23/02/2023 23/02/2023 Libro impreso